Strojnícke tabuľky

Salvato in:
Dettagli Bibliografici
Autore principale: Bartoš, Josef (Autore)
Natura: Libro
Lingua:slovacco
Pubblicazione: Bratislava : Alfa, 1968
Edizione:3. slovenské vyd.
Soggetti:
Tags: Aggiungi Tag
Nessun Tag, puoi essere il primo ad aggiungerne!!

MARC

LEADER 00000nam a22000003a 4500
001 stu87282
005 20150617225928.6
008 040531s1968----cs------------------slo-d
040 |a STU  |b slo 
041 0 |a slo 
044 |a cs 
080 |a 621(083) 
100 1 |a Bartoš, Josef  |4 aut 
245 1 |a Strojnícke tabuľky 
250 |a 3. slovenské vyd. 
260 |a Bratislava :  |b Alfa,  |c 1968 
300 |a 432 s  |c 413 obr. a tab. 
500 |a Z českého originálu Strojnické tabulky, ktorý vydalo Státní nakladatelství technické literatury Praha v r. 1965, preložil Ing. ľubomír Švec 
650 7 |a strojníctvo-tabuľky  |2 stusub 
996 |b 284J021237  |c J*36363  |l JJSK  |s A  |a 24  |w stu87282_0001 
996 |b 284J031847  |c J*107847  |l JJSK  |s A  |a 24  |w stu87282_0002